000 00827nam a2200253 i 4500
001 18443
003 ES-MaACL
005 20250808034522.0
007 t|
008 011106s2001 sp ||||1| spa d
020 _a84-8307-371-4
080 _a343.25(100)
245 0 0 _aNo matarás
_b: por qué es necesario abolir la pena de muerte /
_cMario Marazziti, ed. ; con textos de Mario Marazziti ... [et al.] ; traducción de Atilio Pentimalli.
250 _a1ª ed.
260 _aBarcelona :
_bPenínsula,
_c2001.
300 _a200 p. ;
_c23 cm.
490 1 _aAtalaya ;
_v75
650 1 7 _aPena de muerte
_2embne
_915915
700 1 _aMarazziti, Mario.
_976335
700 1 _aPentimalli, Atilio.
_990195
830 0 _aAtalaya ;
_v75
_9180261
852 _aES-MaACL
_jL-25079
_bR.130526
999 _c18443
_d18443